Logo Symbol Quiz - Statistics

General Stats
  • This quiz has been taken 23 times
  • The average score is 22 of 24
Answer Stats
Picture Answer % Correct
Apple
100%
Facebook
100%
Google
100%
McDonald's
100%
Microsoft
100%
Pepsi
100%
Playstation
100%
Starbucks
100%
Target
100%
Amazon
95%
BMW
95%
Dunkin'
95%
Mastercard
95%
Skype
95%
Walmart
95%
Audi
91%
Cartoon Network
91%
Lucky Goldstar
91%
XBOX
91%
Toys-R-Us
86%
Twitch
86%
Dolby
82%
Crocs
77%
Wikipedia
73%
No matching quizzes found
Score Distribution
Percent of People with Each Score
Percentile by Number Answered
Your Score History
You have not taken this quiz